000 00744nam a2200253Ia 4500
003 OSt
005 20221005075507.0
006 a|||||r|||| 00| 0
007 ta
008 221004b |||||||| |||| 00| 0 ben d
020 _a8176261165 (hbk)
_c70
024 _a27151
037 _b24, 20/03/2009, Mukta Dhara
_cTextual
040 _aCRL
_cCRL
_bben
041 _2ben
_aben
082 _aO157:g(Y), P2
100 _aMukhopadhyay Kanak
_9210443
245 0 _aSahitya sanskriti rajniti
260 _aNew Delhi
_bNational Book Agency India
_c2002
300 _a297p.
_ccm.
650 _aBENGALI LITERATURE
942 _hO157:g(Y), P2
_cTEXL
_2cc
999 _c984683
_d984683